Villes de Saône et Loire de A à Z - Statistiques

Statistiques générales
  • Ce quiz a été pris 130 fois
  • Le résultat moyen est 7 sur 20
Statistiques - réponses
Lettre Habitants Réponse % Correct
M 34 448 Mâcon
89%
C 45 031 Chalon Sur Saone
87%
A 13 145 Autun
71%
L 6 454 Louhans
59%
P 9 328 Paray le Monial
57%
T 5 627 Tournus
50%
G 6 616 Gueugnon
48%
D 7 498 Digoin
45%
B 6 012 Blanzy
31%
S 8 503 Saint Vallier
28%
V 2 321 Varennes le Grand
16%
U 815 Uchizy
14%
J 512 Joncy
13%
F 1 845 Fontaines
12%
H 1 918 Hurigny
12%
O 3 134 Ouroux sur Saône
12%
E 2 150 Epinac
7%
I 996 Iguerande
7%
R 2 029 Romanèche - Thorins
4%
N 749 Neuvy - Grandchamp
2%
Aucun quiz correspondant
Distribution des résultats
% des personnes avec chaque résultat
Percentile par nombre de réponses
Votre historique - résultats
Vous n’avez pas pris ce quiz